000 00725cam a22002293a 4500
001 1217
003 PGUSA
005 20140828082958.0
008 980201s1998||||xxu|||||s|||||000 1 eng d
040 _aPGUSA
_beng
042 _adc
050 4 _aPS
100 1 _aWiggin, Kate Douglas Smith,
_d1856-1923
245 1 0 _aPenelope's Experiences in Scotland :
_bBeing Extracts from the Commonplace Book of Penelope Hamilton
_h[electronic resource] /
_cKate Douglas Smith Wiggin
260 _bProject Gutenberg,
_c1998
506 _aPublic domain in the USA.
516 _aElectronic text
653 _aScotland -- Fiction
830 0 _aProject Gutenberg
_v1217
856 4 0 _uhttp://www.gutenberg.org/ebooks/1217
942 _cEB
999 _c230565
_d230565